000 00647nam a2200217Ia 4500
003 IN-BaIIA
008 211028s9999 xx 000 0 eng d
020 _a0-444-51881-9
040 _cIIA Library
080 _a523.7
_bMUL
100 _aLui, A. T. Y
_932376
245 0 _aMultiscale coupling of sun-earth processes
_cA T Y Lui, Y Kamide and G Consolini
260 _aAmsterdam
_bElsevier
_c2005
300 _aix, 516p.
650 _aComplexity
_932377
650 _aMagnetospheric substorms
_99793
650 _aTurbulence multiscale space missions
_932378
700 _aConsolini, G.
_932379
700 _aKamide, Y.
_915319
942 _cBK
999 _c17177
_d17177